Statystyki dla Kraje UEFA z najmniejszą liczbą klubów ze stolicy

Kliknij tutaj aby rozwiązać quiz!

Ogólne statystyki

  • Ten quiz został rozwiązany 422 razy
  • Średni wynik to 6 z 16

Statystyki odpowiedzi

LiczbaPaństwoStolicaKlub% Poprawnych
1PolskaWarszawaLegia Warszawa
78%
1FrancjaParyżParis Saint-Germain FC
51%
1SłowacjaBratysławaŠK Slovan Bratislava
48%
1UkrainaKijówFC Dynamo Kyiv
47%
0San MarinoSan Marino-
45%
0BelgiaBruksela-
44%
1NiderlandyAmsterdamAFC Ajax
44%
1AndoraAndoraCE Carroi
42%
1SzwajcariaBernoBSC Young Boys
42%
1MołdawiaKiszyniówFC Zimbru Chișinău
37%
1DaniaKopenhagaFC København
35%
1KosowoPrisztinaFC Prishtina
33%
1MaltaValettaValletta FC
32%
0TurcjaAnkara-
24%
1WaliaCardiffCardiff Metropolitan University F.C.
23%
1KazachstanNur-SułtanAstana FC
10%

Rozkład punktacji

Percentyl według liczby udzielonych odpowiedzi

Procent ludzi z każdym wynikiem

Twoja historia wyników

Nie rozwiązałeś tego quizu